Fast Typing to 15 - Statistics

General Stats
  • This quiz has been taken 30 times
    27 since last reset
  • The average score is 19 of 20
Answer Stats
Answer % Correct
1 1
100%
12 12
100%
2 2
100%
3 3
100%
4 4
100%
5 5
100%
6 6
100%
7 7
100%
8 8
100%
9 9
100%
11 11
93%
13 13
93%
14 14
93%
15 15
93%
10 10
86%
16 16
86%
17 17
86%
18 18
86%
19 19
86%
20 20
79%
No matching quizzes found
Score Distribution
Percent of People with Each Score
Percentile by Number Answered
Your Score History
You have not taken this quiz since the last reset